<?xml version="1.0" encoding="UTF-8"?>
<collection xmlns:xsi="http://www.w3.org/2001/XMLSchema-instance" xsi:schemaLocation="http://www.loc.gov/MARC21/slim http://www.loc.gov/standards/marcxml/schema/MARC21slim.xsd" xmlns="http://www.loc.gov/MARC21/slim">
 <record>
  <leader>00000cam a22000004i 4500</leader>
  <controlfield tag="001">UP-1685675941123922608</controlfield>
  <controlfield tag="003">Buklod</controlfield>
  <controlfield tag="005">20150306145052.0</controlfield>
  <controlfield tag="006">aa    rb   |||1 u|</controlfield>
  <controlfield tag="007">ta</controlfield>
  <controlfield tag="008">130619s2013    xx      rb   |011 0|eng d</controlfield>
  <datafield tag="020" ind1=" " ind2=" ">
   <subfield code="a">9789716780369 (pbk.)</subfield>
  </datafield>
  <datafield tag="035" ind1=" " ind2=" ">
   <subfield code="a">(iLib)UPTAC-00017191728</subfield>
  </datafield>
  <datafield tag="040" ind1=" " ind2=" ">
   <subfield code="a">DLC</subfield>
   <subfield code="e">rda</subfield>
   <subfield code="d">UPVTC</subfield>
  </datafield>
  <datafield tag="041" ind1=" " ind2=" ">
   <subfield code="a">eng</subfield>
  </datafield>
  <datafield tag="090" ind1=" " ind2="0">
   <subfield code="a">PS 9993</subfield>
   <subfield code="b">R46 2013</subfield>
  </datafield>
  <datafield tag="245" ind1="0" ind2="2">
   <subfield code="a">A renaissance woman</subfield>
   <subfield code="b">a collection of essays in honor of Dr. Lourdes Reyes Montinola</subfield>
   <subfield code="c">editors, Dr. Lydia B. Echauz, Sylvia R. Montilla.</subfield>
  </datafield>
  <datafield tag="264" ind1=" " ind2="1">
   <subfield code="a">Manila</subfield>
   <subfield code="b">Far Eastern University Publications</subfield>
   <subfield code="c">[2013]</subfield>
  </datafield>
  <datafield tag="300" ind1=" " ind2=" ">
   <subfield code="a">213 pages</subfield>
   <subfield code="c">26 cm</subfield>
  </datafield>
  <datafield tag="336" ind1=" " ind2=" ">
   <subfield code="a">text</subfield>
   <subfield code="2">rdacontent</subfield>
  </datafield>
  <datafield tag="337" ind1=" " ind2=" ">
   <subfield code="a">unmediated</subfield>
   <subfield code="2">rdamedia</subfield>
  </datafield>
  <datafield tag="338" ind1=" " ind2=" ">
   <subfield code="a">volume</subfield>
   <subfield code="2">rdacarrier</subfield>
  </datafield>
  <datafield tag="504" ind1=" " ind2=" ">
   <subfield code="a">Includes bibliographical references and index.</subfield>
  </datafield>
  <datafield tag="505" ind1="0" ind2=" ">
   <subfield code="a">Part I. The butterfly effect / Alfredo R. Roces -- The family tradition in education / Gianna R. Montinola -- A legacy of excellence in competitive sports / Antonio R. Montinola -- Piña / Patis P. Tesoro -- French connection / Gérard Chesnel -- LRM, her lifestyle / Lorna Perez Laurel -- A portrait for Bela / Karine Alexana H. Montinola -- FEU campuses: pride of place / Elizabeth P. Melchor. -- Part II. The poem as writ, the poem as read / Gemino H. Abad -- Philippine teaching 21.0 / Isagani R. Cruz -- Soundings on an expanded role for the arts and the humanities in national curricula / Luis S. David -- FEU and Philippine higher education / Edilberto C. de Jesus -- Choosing the &quot;path of the heart&quot; / Cristina Pantoja Hidalgo -- The challenge of history / Francisco Sionil José -- The peak of our Philippine cartographic heritage: the Murillo Velarde maps / Benito J. Legarda Jr. -- Mary, our mother and her rosary / Rosario P. Melchor -- A conversation on philantropy in the university / Gizela &quot;Ging&quot; Gonzalez Montinola -- Nursing and FEU / Lydia A. Palaypay -- Liberty and prosperity for the people of the world / Chief Justice Artemio V. Panganiban -- The performing arts and music / Raul M. Sunico -- The intangible becomes tangible: traditional beliefs and practices expressed in the rice paddy landscapes of the Philippine Cordilleras and Bali / Augusto F. Villalón.</subfield>
  </datafield>
  <datafield tag="591" ind1=" " ind2=" ">
   <subfield code="a">Tac-1299g donated by Daniel Matutina on Sept. 19, 2014.</subfield>
  </datafield>
  <datafield tag="600" ind1="1" ind2="4">
   <subfield code="a">Montinola, Lourdes Reyes.</subfield>
  </datafield>
  <datafield tag="650" ind1=" " ind2="0">
   <subfield code="a">Philippine essays (English)</subfield>
  </datafield>
  <datafield tag="650" ind1=" " ind2="0">
   <subfield code="a">Far Eastern University</subfield>
   <subfield code="x">History.</subfield>
  </datafield>
  <datafield tag="700" ind1="1" ind2=" ">
   <subfield code="a">Echauz, Lydia B.</subfield>
   <subfield code="e">editor.</subfield>
  </datafield>
  <datafield tag="700" ind1="1" ind2=" ">
   <subfield code="a">Montilla Sylvia R.</subfield>
   <subfield code="e">editor.</subfield>
  </datafield>
  <datafield tag="905" ind1=" " ind2=" ">
   <subfield code="a">FI</subfield>
  </datafield>
  <datafield tag="852" ind1="0" ind2=" ">
   <subfield code="a">UPTAC</subfield>
   <subfield code="b">UPTAC</subfield>
   <subfield code="h">PS 9993</subfield>
   <subfield code="i">R46 2013</subfield>
  </datafield>
  <datafield tag="942" ind1=" " ind2=" ">
   <subfield code="a">Book</subfield>
  </datafield>
 </record>
</collection>
